Statistics for Who Controls What: Year 1900

Click here to take the quiz!

General Stats

  • This quiz has been taken 52 times
  • The average score is 13 of 18

Answer Stats

CityCountry% Correct
BostonUnited States
100%
HavanaUnited States
98%
ReykjavikDenmark
92%
CalgaryCanada
90%
St BarthelemyFrance
85%
GdanskGermany
81%
FreetownUnited Kingdom
79%
Panama CityColombia
77%
KinshasaBelgium
75%
BangkokSiam
75%
NicosiaUnited Kingdom
73%
MogadishuItaly
71%
DohaUnited Kingdom
67%
MandalayUnited Kingdom
65%
RIo Branco, BrazilBolivia
50%
BenghaziOttoman Empire
46%
BujumburaGermany
37%
CasablancaAlaouite Dynasty
0%

Score Distribution

Percentile by Number Answered

Percent of People with Each Score

Your Score History

You have not taken this quiz